| 000 | 00643nam a2200265Ia 4500 | ||
|---|---|---|---|
| 008 | 160803s9999 xx 000 0 und d | ||
| 020 | _a978-0060236298 | ||
| 100 | _aGeorge, Jean Craighead | ||
| 245 | _aFunny bunnies : | ||
| 245 | _cSue DiCicco. | ||
| 260 | _aNew York : | ||
| 260 | _bScholastic Inc. | ||
| 260 | _c1999 | ||
| 300 | _a32 pages : | ||
| 300 | _bcolor illustrations ; | ||
| 300 | _c23 cm. | ||
| 440 | _aScholastic reader., | ||
| 440 | _vLevel 1. | ||
| 650 | _aBoard books. | ||
| 650 | _aDay -- | ||
| 650 | _aRabbits -- | ||
| 650 | _xJuvenile fiction. | ||
| 650 | _xJuvenile fiction. | ||
| 700 | _a450 | ||
| 999 |
_c298128 _d298128 |
||